000 00825nab a2200253 u 4500
001 19816
003 HDC
007 cr bn ---aaaaa
008 210302c20120528xx dr|noo 0 a eng d
040 _aHDC
245 0 _aSingapore: Halal cosmetics - a new alternative
260 _a[No place] :
_b[publisher not identified],
_c2012
300 _a1 online resource
336 _atext
_2rdacontent
337 _acomputer
_2rdamedia
338 _aonline resource
_2rdacarrier
650 _aHalal cosmetics
_zSingapore
_918100
650 _aHalal products
_9642
710 _aHalal Focus
856 _zRequest full-text at [email protected]
942 _2lcc
942 _cNEWS
942 _kNWSO 006272
999 _c17132
_d17132